Carregant...

Economics,development and the quest for alternatives. Essays in honour of Professor M.A.Oommen.

Dades bibliogràfiques
Autor principal: George,K.K.(Editor) Sankaran Nair,V.(Editor) Jose Jacob.(Editor)
Format: Printed Book
Publicat: New Delhi : Concept Publishing Company, 1997.
Matèries:
LEADER 00581nam a22001337a 4500
082 |a 338.954  |b GEO/E 
100 |a George,K.K.(Editor)  |a Sankaran Nair,V.(Editor)  |a Jose Jacob.(Editor) 
245 |a Economics,development and the quest for alternatives.  |b Essays in honour of Professor M.A.Oommen. 
260 |a New Delhi :  |b Concept Publishing Company,  |c 1997. 
300 |a viii,256p. 
650 |a Economic development 
942 |c BK 
999 |c 98295  |d 98295 
952 |0 0  |1 0  |4 0  |6 338_954000000000000_GEO_E  |7 0  |9 91439  |a SSS  |b SSS  |c GEN  |d 2011-12-16  |g 350.00  |l 0  |o 338.954 GEO/E  |p SSS02344  |r 2011-12-16  |w 2011-12-16  |y BK